| 000 | 01265nam a2200349 a 4500 | ||
|---|---|---|---|
| 001 | 5903 | ||
| 003 | FISKH | ||
| 005 | 20250203093410.0 | ||
| 008 | 870203s1987 nyua j 000 0 eng | ||
| 010 | _a 87080254 | ||
| 020 | _a044819211X (lib. bdg.) : | ||
| 040 |
_aDLC _cDLC _dDLC _beng |
||
| 050 | _aPE1689 .H45 | ||
| 082 | _a428.1 | ||
| 100 | 1 |
_aHeller, Ruth, _d1924- |
|
| 245 | 1 | 2 |
_aA cache of jewels and other collective nouns / _cWritten and illustrated by Ruth Heller. |
| 250 | _aFirst Scholastic printing, April 1989 | ||
| 260 |
_aNew York : _bScholastic, _c1987. |
||
| 300 |
_a44 unnumbered pages : _bcolor illustrations ; _c21 cm |
||
| 505 | _aM | ||
| 520 | _aRhyming text and illustrations introduce a variety of collective nouns such as a "drift of swans" and a "clutch of eggs." | ||
| 521 | 8 |
_a530
_bLexile |
|
| 521 | 8 |
_aM
_bRaz-Plus |
|
| 650 | 0 |
_aEnglish language _xCollective nouns _xJuvenile literature. |
|
| 650 | 0 |
_aEnglish language _xTerms and phrases _xJuvenile literature. |
|
| 650 | 1 |
_aEnglish language _xCollective nouns. |
|
| 650 | 1 |
_aEnglish language _xTerms and phrases. |
|
| 700 |
_aHeller, Ruth _eillustrator |
||
| 906 |
_a7 _bcbc _corignew _d3 _eopcn _f19 _gy-gencatlg |
||
| 942 |
_2ddc _cBK _n0 |
||
| 999 |
_c5903 _d5903 |
||